LEADER 00994nam--2200373---450 001 990001294510203316 005 20221108085617.0 010 $a88-424-9309-0 035 $a000129451 035 $aUSA01000129451 035 $a(ALEPH)000129451USA01 035 $a000129451 100 $a20031202d1996----km-y0itay0103----ba 101 $aita 102 $aIT 105 $a||||||||001yy 200 1 $aEstetica$ei nomi, i concetti, le correnti$fElio Franzini e Maddalena Mazzocut-Mis 210 $aMilano$cMondadori$d1996 215 $aXII, 468 p.$d21 cm 225 2 $aSintesi 410 0$12001$aSintesi 454 1$12001 461 1$1001-------$12001 606 0 $aBello 676 $a111.85 700 1$aFRANZINI,$bElio$010938 701 1$aMAZZOCUT-MIS,$bMaddalena$039182 801 0$aIT$bsalbc$gISBD 912 $a990001294510203316 951 $aXVII A.A. 3659$b3793 DLAS$cXVII A.A.$d539292 959 $aBK 969 $aCAS 996 $aEstetica$9563279 997 $aUNISA LEADER 01180nam 2200373 450 001 9910795037603321 005 20230814215818.0 010 $a1-5275-1048-4 035 $a(CKB)4340000000265293 035 $a(MiAaPQ)EBC5351347 035 $a(EXLCZ)994340000000265293 100 $a20180615d2018 uy 0 101 0 $aeng 135 $aurcnu|||||||| 181 $ctxt$2rdacontent 182 $cc$2rdamedia 183 $acr$2rdacarrier 200 00$aWeapons, culture and the anthropology museum /$fedited by Tom Crowley and Andy Mills 210 1$aNewcastle upon Tyne, England :$cCambridge Scholars Publishing,$d2018. 215 $a1 online resource (ix, 256 pages) $cillustrations 311 $a1-5275-0375-5 320 $aIncludes bibliographical references and index. 606 $aAnthropological museums and collections 615 0$aAnthropological museums and collections. 676 $a301.074 702 $aCrowley$b Tom 702 $aMills$b Andy 801 0$bMiAaPQ 801 1$bMiAaPQ 801 2$bMiAaPQ 906 $aBOOK 912 $a9910795037603321 996 $aWeapons, culture and the anthropology museum$93683239 997 $aUNINA LEADER 03810nam 2200709Ia 450 001 9910966386803321 005 20251205132841.0 010 $a9780123852076 010 $a0123852072 035 $a(CKB)3370000000000962 035 $a(EBL)787244 035 $a(OCoLC)759807267 035 $a(SSID)ssj0000540258 035 $a(PQKBManifestationID)11334207 035 $a(PQKBTitleCode)TC0000540258 035 $a(PQKBWorkID)10585307 035 $a(PQKB)11629773 035 $a(MiAaPQ)EBC787244 035 $a(CaSebORM)9780123852076 035 $a(Au-PeEL)EBL787244 035 $a(CaPaEBR)ebr10504580 035 $a(PPN)233373489 035 $a(OCoLC)805417391 035 $a(OCoLC)ocn805417391 035 $a(FR-PaCSA)88803372 035 $a(FRCYB88803372)88803372 035 $a(EXLCZ)993370000000000962 100 $a20110923d2012 uy 0 101 0 $aeng 135 $aur|n|---||||| 181 $ctxt 182 $cc 183 $acr 200 12$aA practical guide to SysML $ethe systems modeling language /$fSanford Friedenthal, Alan Moore, Rick Steiner 205 $a[2nd ed.]. 210 $aWaltham, MA $cMorgan Kaufmann$dc2012 215 $a1 online resource (641 p.) 225 1 $aThe MK/OMG Press 300 $aDescription based upon print version of record. 311 08$a9780123852069 311 08$a0123852064 320 $aIncludes bibliographical references and index. 327 $aMachine generated contents note: Part I Introduction Systems Engineering Overview Model-Based Systems Engineering3 SysML Language Overview SysML Language Overview Part II Language Description SysML Language Architecture Organizing the Model with Packages Modeling Structure with Blocks Modeling Constraints with Parametrics Modeling Flow-Based Behavior with Activities Modeling Message-Based Behavior with Interactions Modeling Event-Based Behavior with State Machines Modeling Functionality with Use Cases Modeling Text-Based Requirements and their Relationship to Design Modeling Cross-Cutting Relationships with Allocations Customizing SysML for Specific Domains Part III Modeling Examples Water Distiller Example Using Functional Analysis Residential Security System Example Using the Object-Oriented Systems Engineering Method Part IV Transitioning to Model-Based Systems Engineering Integrating SysML into a Systems Development Environment Deploying SysML into an Organization APPENDIXES A-1 SysML Reference Guide A-2 Cross Reference Guide to the OMG Systems Modeling Professional Certification Program (OCSMP) -- NEW . 330 $aA Practical Guide to SysML: The Systems Modeling Language is a comprehensive guide for understanding and applying SysML to model systems. The Object Management Group's OMG SysML is a general-purpose graphical modeling language for representing systems that may include combinations of hardware, software, data, people, facilities, and natural objects. SysML supports the practice of model-based systems engineering (MBSE) used to develop system solutions in response to complex and often technologically challenging problems. The book is organized into four parts. Part I provides an overview of sys 410 0$aMK/OMG Press 517 3 $aSystems modeling language 517 3 $aPractical guide to systems modeling language 606 $aSystems engineering 606 $aSysML (Computer science) 615 0$aSystems engineering. 615 0$aSysML (Computer science) 676 $a620.001/171 700 $aFriedenthal$b Sanford$0935497 701 $aSteiner$b Rick$0935498 702 $aMoore$b Alan$f1961- 801 0$bMiAaPQ 801 1$bMiAaPQ 801 2$bMiAaPQ 906 $aBOOK 912 $a9910966386803321 996 $aA practical guide to SysML$94338683 997 $aUNINA